Upkar's Sainik School entrance exam : (Record no. 60912)

MARC details
000 -LEADER
fixed length control field 00560nam a22001937a 4500
005 - DATE AND TIME OF LATEST TRANSACTION
control field 20181031152729.0
020 ## - INTERNATIONAL STANDARD BOOK NUMBER
Terms of availability Rs 210.00
020 ## - INTERNATIONAL STANDARD BOOK NUMBER
Terms of availability 8174820191
035 ## - SYSTEM CONTROL NUMBER
System control number B-131369,B-131345,B-131370
082 ## - DEWEY DECIMAL CLASSIFICATION NUMBER
Classification number 000
100 ## - MAIN ENTRY--PERSONAL NAME
Personal name Lal
245 ## - TITLE STATEMENT
Title Upkar's Sainik School entrance exam :
Remainder of title for class IX /
Statement of responsibility, etc by Lal, Khanna and Jain
260 ## - PUBLICATION, DISTRIBUTION, ETC. (IMPRINT)
Place of publication, distribution, etc Agra
Name of publisher, distributor, etc Upkar Prakashan
Date of publication, distribution, etc 2006
300 ## - PHYSICAL DESCRIPTION
Extent various pages
Dimensions 24x18 cm
700 ## - ADDED ENTRY--PERSONAL NAME
Personal name Khanna
9 (RLIN) 39201
700 ## - ADDED ENTRY--PERSONAL NAME
Personal name Jain
9 (RLIN) 39202
942 ## - ADDED ENTRY ELEMENTS (KOHA)
Source of classification or shelving scheme Dewey Decimal Classification
Item type English Books
Classification part 000
Call number suffix LAL
Holdings
Withdrawn status Lost status Not for loan Collection code Home library Current library Date acquired Cost, normal purchase price Full call number Barcode Cost, replacement price Koha item type Source of acquisition Copy number
      Non-fiction Diz Area Diz Area 23/07/2018 210.00 000 LAL B-131345 210.00 English Books BPPD/PUB  
      Non-fiction R.C.Libraries (zls) R.C.Libraries (zls) 31/10/2018 210.00 000 LAL B-131370 210.00 English Books   1
      Non-fiction Sarojini Nagar Sarojini Nagar 14/01/2012 210.00 000 LAL B-131369 210.00 English Books    

© Delhi Public Library
Hit Counter
free hit counter